| 000 | 00643nam a2200253 a 4500 | ||
|---|---|---|---|
| 001 | nice12345678 | ||
| 003 | IN_TiNIC | ||
| 005 | 20260116013531.0 | ||
| 008 | 050524s1986 newa grp 000 0 eng | ||
| 020 |
_a _c414 |
||
| 082 | 0 | 0 |
_a291 _bLEE |
| 100 | _aLeeuw, G Van Der | ||
| 245 | _aReligion in Essence and Manifestation. | ||
| 260 |
_aNew Jersy _bPrinceston University Press _c1986 |
||
| 300 | _a727p | ||
| 500 | _aincludes index and biblioraphy | ||
| 505 | 2 | _aIndex | |
| 650 | _aComparative Religion | ||
| 650 | _aReligion-Historiography | ||
| 700 | 1 | _aLeeuw, G Van Der | |
| 902 | _bSRS | ||
| 942 | _cBK | ||
| 999 |
_c11359 _d11359 |
||